000 00724nam a22002297a 4500
005 20251108172751.0
008 250721s1992 xx 000 0 ara d
082 1 4 _aم/304.640956511/عضا
100 1 _aالعضايلة، محمد حمد حسن
_eمؤلف
245 1 0 _aأسباب الوفيات في منطقة أمانة عمان الكبرى /
264 1 _aعمان :
_c1992.
300 _a150ص.
500 _a/رسائل ماجستير
650 1 7 _aالديموغرافيا
650 1 7 _aالوفيات
650 1 7 _aأسباب الوفاة
650 1 7 _aالديناميكية السكانية
650 1 7 _aالصحة العامة
650 1 7 _aالأردن
942 _2ddc
_cREF
999 _c88002
_d88002